000 03367nam a2200265 4500
003 DO-SdBJH
005 20260306170140.0
008 260306b2025 |||d|||| |||| 00| 0 spa d
040 _aDO-SdBJH
_bspa
_cDO-SdBJH
041 0 _aspa
090 _aCT MA-SDN 0006
_bEGAEE 2025
100 1 _esustentante
_aMuñoz Reyes, Catalina
245 1 0 _aAnálisisdel marco regulatorio dominicano sobre recursos hídricos y su alineación con los estándares internacionales de seguridad hídrica en 2024 /
_cCatalina Muñoz Reyes, Pavel E. Martínez Arias ; asesor metodológico José Guillermo Guerrero Peña ; asesor de contenido Ezequiel Echavarría.
260 _aSanto Domingo, República Dominicana :
_bUNADE,
_c2025.
300 _axv, 189 páginas :
_bgráficas.
502 _aTesis y trabajos de grado (Maestría en Seguridad y Defensa Nacional)--Universidad Nacional para la Defensa "General Juan Pablo Duarte y Díez", Escuela de Graduados de Altos Estudios Estratégicos, Santo Domingo, 2025.
504 _aIncluye referencias bibliográficas y anexos.
505 _aConceptos y generalidades de los recursos hídricos en República Dominicana -- Marco legal e institucional que regula la gestión de los recursos hídricos en República Dominicana -- Desafíos del marco regulatorio dominicano sobre recursos hídricos y su alineación con los estándares internacionales de seguridad hídrica.
520 _aEste estudio analiza el marco jurídico e institucional que regula los recursos hídricos en la República Dominicana, con el objetivo de identificar sus fortalezas, debilidades y vacíos normativos, y aportar criterios para orientar una Ley General de aguas moderna y coherente con los desafíos actuales. La Metodología consistió en una revisión documental exhaustiva de normas constitucionales, leyes generales, leyes sectoriales, reglamentos técnicos, políticas públicas y planes nacionales relacionados con el agua, complementada con el análisis de diagnósticos institucionales, informes internacionales y literatura académica. Se aplicó un enfoque cualitativo y comparado que permitió contrastar el marco regulatorio nacional con estándares internacionales de gobernanza hídrico, la Gestión Integrada de los Recursos Hídricos (GIRH) y los principios del derecho humano al agua. Los hallazgos muestran un marco jurídico disperso y desactualizado, con superposición de competencias y limitada coordinación interinstitucional. Se identifican debilidades en la planificación por cuencas, fiscalización y control de la contaminación, insuficiente protección de aguas subterráneas, deficiencias en monitoreo y mecanismos poco efectivos de participación ciudadana. El estudio sistematiza los vacío normativos que afectan la gobernanza, seguridad hídrica y sostenibilidad de los servicios. Se concluye que modernizar el marco legal y aprobar una ley de aguas integral es esencial para ordenar competencias, fortalecer la institucionalidad y garantizar una gestión eficiente y sostenible del recurso.
650 7 _2lemb
_aRecursos hídricos
_vInvestigaciones
_xLegislación
_xAgua
_xAdministración
_y2024
_zRepública Dominicana
700 1 _aMartínez Arias, Pavel E.
_esustentante
700 1 _aGuerrero Peña, José Guillermo
_easesor metodológico
700 1 _aEchavarría, Ezequiel
_easesor de contenido
942 _2CL
_cT
999 _c8593
_d8593